Introducción al marketing /

Guardado en:
Autor Principal: Yammal, Ariel
Formato: Libro
Publicado: Córdoba : Comunicación Visual, 2005
Edición:2a. ed.
Series:Contenidos. Textos
Materias:
Etiquetas: Agregar Etiqueta
Sin Etiquetas, Sea el primero en etiquetar este registro!
LEADER 00762nam a22002295a 4500
001 CEM.cems012878
005 20080521095143.0
008 130507s2005##################000#0#####d
003 CEMS
020 |a 9871160011 
082 0 4 |a 658.83 
100 1 |a Yammal, Ariel 
245 1 0 |a Introducción al marketing /  |c Ariel Yammal 
250 |a 2a. ed. 
260 |a Córdoba :  |b Comunicación Visual,  |c 2005 
300 |a 201 p. 
490 0 |a Contenidos. Textos 
500 |a Para nivel polimodal 
505 0 |a Marketing. Concepto -- Organización -- Mercados -- Consumidores -- Producto -- Precio -- Distribución -- Promoción -- Simulación 
653 |a Administración de empresas 
653 |a Marketing 
859 |a CEMS  |b BIB. CEMS - 11 de abril  |h 658.83  |i Y14a2  |p 25159.08  |t Ej.1